000 01199nam a22002057a 4500
003 BD-DhUL
005 20240206102817.0
008 240206s2021 bg |||| mb|| 000 0 ben d
040 _aBD-DhUL
_cBD-DhUL
082 _a891.439
_bEYU
100 1 _aইয়াছিন, মুহাম্মদ।
245 0 _aউর্দু সাহিত্য ও সাংবাদিকতায় নাদওয়াততুল উলামা /
_cমুহাম্মদ ইয়াছিন।
_h[পিএইচডি অভিসন্দর্ভ]
260 _aঢাকা :
_bঢাকা বিশ্ববিদ্যালয়,
_c২০২১।
300 _a৩২৮ পৃ. ;
_c২৯ সেমি.
504 _aগ্রন্থপঞ্জি: ৩১৫-৩২৮। গ্রন্থপঞ্জিগত তথ্য সংবলিত।
505 0 _aঅভিসন্দর্ভ (পিএইচডি)--উর্দু বিভাগ, ঢাকা বিশ্ববিদ্যালয়, শিক্ষাবর্ষ: ২০১৬-২০১৭।
650 0 _aউর্দু সাহিত্য।
650 0 _aUrdu literature
942 _2ddc
_cREF
999 _c259009
_d259009